| 000 | 00390nam a2200169Ia 4500 | ||
|---|---|---|---|
| 008 | 230524s9999 xx 000 0 und d | ||
| 020 | _a8125915427 | ||
| 082 |
_a828 _bMAD |
||
| 100 | _aR.K.Madhukar | ||
| 245 | 0 | _aBusiness Communication | |
| 250 | _aIST | ||
| 260 |
_aNEW DELHI _bVikas _c2008 |
||
| 300 | _aIX;233 | ||
| 500 | _aQuantity Number: 10 | ||
| 650 | _aEnglish | ||
| 942 | _cBK | ||
| 999 |
_c41070 _d41070 |
||